| 000 | 00793nam a2200205Ii 4500 | ||
|---|---|---|---|
| 003 | JO-AjNU | ||
| 008 | 230605s9999||||xx |||||||||||||| ||und|| | ||
| 040 |
_aJO-AjNU _bara _erda _cJO-AjNU |
||
| 041 | _aara | ||
| 050 | 1 | 4 | _aPJ6073.S37 2009 |
| 100 | 3 |
_aتاليف ساسي،عمار, _eauthor _924779 |
|
| 245 | 0 | 0 | _aالمصطلح في اللسان العربي:من آلية الفهم إلى أداة الصناعة |
| 250 | _aط1 | ||
| 264 | 3 | 1 | _aعمان: جدارا للكتاب العالمي، 2009؛اربد:عالم الكتب الحديث، 2009 |
| 300 | _a262ص | ||
| 336 |
_atext _btxt _2rdacontent |
||
| 337 |
_aunmediated _bn _2rdamedia |
||
| 338 |
_avolume _bnc _2rdacarrier |
||
| 650 | 4 |
_aالمصطلح في اللسان العربي-المصطلح في التراث _924780 |
|
| 999 |
_aA9179 _c12747 _d12747 |
||